Statistiques concernant Culture Générale - Série 2057

Cliquez ici pour prendre le quiz!

Statistiques générales

  • Ce quiz a été pris 102 fois
  • Le résultat moyen est 6 sur 10

Statistiques - réponses

QuestionRéponse% Correct
Quel prénom a été notamment porté par un roi des francs surnommé le Bref ?Pépin
92%
Quel sport peut se pratiquer sur glace, sur gazon, ou au fond d’une piscine s’il est dit subaquatique ?hockey
88%
Quel prénom est commun à plusieurs rois du début du moyen-âge et à l’acteur Cornillac ?Clovis
87%
De quelle ville de France les Spinaliens sont-ils les habitants ?Epinal
82%
Quel peintre à qui l’on doit les tableaux Moi-même et le Rêve, a inspiré une chanson à la Compagnie Créole ?Henri Rouseau
66%
Dans quel pays se trouve l'Aconcagua ?Argentine
62%
En médecine, quelle méthode de stérilisation est une ligature des canaux déférents qui transportent les spermatozoïdes ?vasectomie
49%
Quelle actrice Suédoise ayant incarné Sylvia dans la Dolce Vita, a été surnommée l’Iceberg par Frank Sinatra ?Anita Ekberg
24%
Quelle création est attribuée à Herminie Cadolle en 1889 ?soutien-gorge
16%
Quel était le nom de scène de la chanteuse Jeanne Bourgeois (1875-1956) ? voir photoMistinguett
11%

Distribution des résultats

Percentile par nombre de réponses

% des personnes avec chaque résultat

Votre développement - résultats

Vous n’avez pas pris ce quiz